000 00475cam a22001457a 4500
008 180718b1966 xxu||||| |||| 00| 0 eng d
082 _aT394x54 In2i
100 _aTariff Revision Committee
245 _aReport on the Customs Tariff
_cby Ministry of Commerce
260 _aDelhi
_bThe Manager of Publications
_c1966
300 _a2 Parts
500 _aLibrary has interim report and 3 volumes
700 _aIndia. Ministry of Commerce
700 _aSubramanian, S. (Chairman)
999 _c489800
_d489800